[Event "Cardiff Welsh op"]
[Site "Cardiff"]
[Date "2023.04.09"]
[Round "5"]
[White "Binesmael, Mohamed"]
[Black "Guy, David T"]
[Result "0-1"]
[WhiteElo "1553"]
[BlackElo "1827"]
[PlyCount "68"]
[EventDate "2023.04.07"]
[EventType "swiss"]
[EventRounds "7"]
[EventCountry "WLS"]
[SourceTitle "EXT 2024"]
[Source "ChessBase"]
[SourceDate "2023.10.10"]
[SourceVersion "1"]
[SourceVersionDate "2023.10.10"]
[SourceQuality "1"]

1. e4 e5 2. Nf3 Nc6 3. c3 g6 4. d4 exd4 5. cxd4 Bg7 6. Bc4 h6 7. 0-0 d6 8. Qb3 Qe7 9. Bf4 Nf6 10. e5 dxe5 11. Bxe5 0-0 12. Bd3 Rb8 13. Bxg6 Nxe5 14. Nxe5 Be6 15. Qg3 Nd5 16. Be4 Nf6 17. Bc2 Rbd8 18. Rd1 c5 19. Nc3 cxd4 20. Ne2 Bc8 21. Re1 Ne4 22. Bxe4 Qxe5 23. Nf4 Qg5 24. Qf3 Bg4 25. Qg3 Bc8 26. Rac1 Qxg3 27. hxg3 Rfe8 28. f3 Kf8 29. Nd3 f5 30. Bxb7 Rxe1+ 31. Nxe1 Bxb7 32. Rc7 Ba6 33. Rxa7 d3 34. Nxd3 Bd4+ 0-1

[Event "BCF-chT3W 2223 (4NCL)"]
[Site "England"]
[Date "2023.02.05"]
[Round "6.36"]
[White "Binesmael, Mohamed"]
[Black "Bakacsi, Zsolt"]
[Result "1/2-1/2"]
[WhiteElo "1548"]
[BlackElo "1862"]
[PlyCount "55"]
[EventDate "2022.10.22"]
[EventType "team-tourn"]
[EventRounds "11"]
[EventCountry "ENG"]
[SourceTitle "EXT 2024"]
[Source "ChessBase"]
[SourceDate "2023.10.10"]
[SourceVersion "1"]
[SourceVersionDate "2023.10.10"]
[SourceQuality "1"]
[WhiteTeam "West is Best II"]
[BlackTeam "Barnet Knights II"]
[WhiteTeamCountry "WLS"]
[BlackTeamCountry "ENG"]

1. e4 e5 2. Nf3 Nc6 3. c3 d5 4. Qa4 f6 5. Bb5 Nge7 6. exd5 Qxd5 7. 0-0 a6 8. Bc4 Qd6 9. d4 Bd7 10. Qb3 0-0-0 11. dxe5 Nxe5 12. Nxe5 Qxe5 13. Be3 Nf5 14. Ba7 Bd6 15. g3 Nh4 16. Nd2 c6 17. Bxa6 bxa6 18. Nc4 Nf3+ 19. Kh1 Qe7 20. Qb6 Be8 21. Qxa6+ Qb7 22. Nb6+ Kc7 23. Qa5 Bg6 24. Rad1 Be5 25. Nd7+ Kc8 26. Nb6+ Kc7 27. Nd7+ Kc8 28. Nb6+ 1/2-1/2

[Event "South Wales Late Summer Major op"]
[Site "Cardiff"]
[Date "2022.09.04"]
[Round "4"]
[White "Binesmael, Mohamed"]
[Black "Smith, Alun"]
[Result "0-1"]
[WhiteElo "1528"]
[BlackElo "1679"]
[PlyCount "86"]
[EventDate "2022.09.02"]
[EventType "swiss"]
[EventRounds "5"]
[EventCountry "WLS"]
[SourceTitle "EXT 2024"]
[Source "ChessBase"]
[SourceDate "2023.10.10"]
[SourceVersion "1"]
[SourceVersionDate "2023.10.10"]
[SourceQuality "1"]

1. e4 e6 2. d4 d5 3. e5 c5 4. c4 cxd4 5. Nf3 Nc6 6. Bf4 Nge7 7. Nbd2 Nf5 8. a3 Be7 9. Rc1 0-0 10. c5 f6 11. g4 fxe5 12. Nxe5 Nh4 13. Nxc6 bxc6 14. Bg3 Qa5 15. f4 e5 16. g5 Nf5 17. Kf2 e4 18. Nb3 Qa4 19. h4 Rb8 20. Nxd4 Qxd4+ 21. Qxd4 Nxd4 22. b4 Bg4 23. Bh3 Bxh3 24. Rxh3 Rf5 25. Ke3 Ne6 26. Rh2 a5 27. Rb1 axb4 28. axb4 Rxb4 29. Rxb4 Bxc5+ 30. Ke2 Bxb4 31. Rf2 g6 32. Rf1 c5 33. Ke3 c4 34. Rb1 Bc5+ 35. Kd2 Rf8 36. Rb7 d4 37. f5 Rxf5 38. Rb8+ Rf8 39. Rb7 e3+ 40. Ke1 d3 41. Be5 d2+ 42. Ke2 Rf2+ 43. Kd1 Rf1+ 0-1

[Event "Cardiff Welsh op"]
[Site "Cardiff"]
[Date "2022.04.18"]
[Round "6"]
[White "Westcott, Dale"]
[Black "Binesmael, Mohamed"]
[Result "0-1"]
[WhiteElo "1250"]
[BlackElo "1642"]
[PlyCount "82"]
[EventDate "2022.04.15"]
[EventType "swiss"]
[EventRounds "7"]
[EventCountry "WLS"]
[SourceTitle "CBM 207 Extra"]
[Source "ChessBase"]
[SourceDate "2022.05.31"]
[SourceVersion "1"]
[SourceVersionDate "2022.05.31"]
[SourceQuality "1"]

1. d4 Nf6 2. Nf3 e6 3. g3 b6 4. Bg2 Bb7 5. 0-0 h6 6. c4 g5 7. Nc3 g4 8. Nd2 Bxg2 9. Kxg2 h5 10. Nde4 h4 11. Bg5 Be7 12. Bxh4 Nxe4 13. Bxe7 Nxc3 14. Bxd8 Nxd1 15. Bf6 Rh6 16. Be5 Nxb2 17. Rac1 d6 18. Bf4 Rh7 19. Rc2 Na4 20. Rfc1 Nd7 21. e4 0-0-0 22. e5 dxe5 23. dxe5 Nac5 24. Rd2 Rdh8 25. Rh1 Rh5 26. a4 Nxe5 27. Bxe5 Rxe5 28. Rd4 a5 29. Rxg4 Nxa4 30. Rd1 Rd8 31. Rc1 Rd2 32. c5 Nxc5 33. h4 Ree2 34. Rf1 e5 35. h5 Nd3 36. Rg8+ Kb7 37. Kf3 f5 38. g4 fxg4+ 39. Rxg4 Nxf2 40. Rg2 e4+ 41. Kg3 Nh1+ 0-1

[Event "WLS-ch Minor"]
[Site "Cardiff"]
[Date "2015.04.06"]
[Round "7"]
[White "Binesmael, Mohamed"]
[Black "Langmaid, Kevin"]
[Result "1-0"]
[WhiteElo "1553"]
[BlackElo "1514"]
[PlyCount "91"]
[EventDate "2015.04.03"]
[EventType "swiss"]
[EventRounds "7"]
[EventCountry "WLS"]
[SourceTitle "EXT 2022"]
[Source "ChessBase"]
[SourceDate "2021.10.06"]
[SourceVersion "1"]
[SourceVersionDate "2021.10.06"]
[SourceQuality "1"]

1. e4 e5 2. Nf3 Nc6 3. Bb5 a6 4. Ba4 Nf6 5. Nc3 b5 6. Bb3 d6 7. d3 Be7 8. 0-0 h6 9. Nd5 Nxd5 10. Bxd5 Bb7 11. d4 Bf6 12. c3 Na5 13. Re1 0-0 14. b4 Bxd5 15. exd5 Nc4 16. Be3 Re8 17. Re2 e4 18. Nd2 Nxd2 19. Qxd2 Bg5 20. Rae1 Bxe3 21. Rxe3 Qg5 22. f3 Qxd5 23. fxe4 Qg5 24. Qf2 Re6 25. d5 Re7 26. Rg3 Qe5 27. Qd2 Kh7 28. Rf3 Rae8 29. Rf5 Qxf5 30. exf5 Rxe1+ 31. Kf2 R1e2+ 32. Qxe2 Rxe2+ 33. Kxe2 g6 34. fxg6+ fxg6 35. Kd3 Kg7 36. c4 Kf7 37. c5 Kf6 38. Ke4 h5 39. g3 dxc5 40. bxc5 a5 41. Kd4 g5 42. c6 Ke7 43. Kc5 b4 44. d6+ cxd6+ 45. Kb6 Kd8 46. Kb7 1-0

[Event "WLS-ch Minor"]
[Site "Cardiff"]
[Date "2014.04.21"]
[Round "7"]
[White "Binesmael, Mohamed"]
[Black "Stephenson, John1111"]
[Result "1-0"]
[WhiteElo "1525"]
[BlackElo "1520"]
[PlyCount "55"]
[EventDate "2014.04.18"]
[EventType "swiss"]
[EventRounds "7"]
[EventCountry "WLS"]
[SourceTitle "EXT 2022"]
[Source "ChessBase"]
[SourceDate "2021.10.06"]
[SourceVersion "1"]
[SourceVersionDate "2021.10.06"]
[SourceQuality "1"]

1. e4 c5 2. Nf3 Nc6 3. Bb5 e6 4. 0-0 Nge7 5. d4 cxd4 6. Nxd4 Qc7 7. Nc3 a6 8. Ba4 b5 9. Bb3 Bb7 10. Ndxb5 axb5 11. Nxb5 Qe5 12. Nd6+ Kd8 13. Nxf7+ Ke8 14. Nxe5 Nxe5 15. Bf4 N7g6 16. Bg3 Bc5 17. Qh5 d6 18. Bxe6 Ke7 19. Bd5 Rab8 20. b3 Ba6 21. c4 Bc8 22. h3 Bd7 23. Kh1 Be8 24. f4 Nd7 25. Qg5+ Nf6 26. e5 h6 27. exf6+ gxf6 28. Rae1+ 1-0

[Event "WLS-ch Minor"]
[Site "Cardiff"]
[Date "2014.04.18"]
[Round "2"]
[White "Crowley, Clive"]
[Black "Binesmael, Mohamed"]
[Result "0-1"]
[WhiteElo "1402"]
[BlackElo "1525"]
[PlyCount "118"]
[EventDate "2014.04.18"]
[EventType "swiss"]
[EventRounds "7"]
[EventCountry "WLS"]
[SourceTitle "EXT 2022"]
[Source "ChessBase"]
[SourceDate "2021.10.06"]
[SourceVersion "1"]
[SourceVersionDate "2021.10.06"]
[SourceQuality "1"]

1. e4 e5 2. Nf3 Nc6 3. Bc4 Nf6 4. Nc3 Bb4 5. d3 0-0 6. 0-0 h6 7. Bd2 d6 8. h3 Qe7 9. Re1 Be6 10. Nd5 Bxd5 11. exd5 Bxd2 12. Qxd2 Nd8 13. Qc3 Nd7 14. Re2 Kh8 15. Rae1 f5 16. Qd2 Rf6 17. Bb3 Rg6 18. Kh2 Nf7 19. h4 Rg8 20. g3 Rf6 21. Rg1 g5 22. Kg2 e4 23. dxe4 fxe4 24. Nd4 gxh4 25. Kf1 hxg3 26. f3 Ng5 27. Rxg3 Nxf3 28. Rxg8+ Kxg8 29. Nxf3 Rxf3+ 30. Kg1 Rg3+ 31. Rg2 Rxg2+ 32. Qxg2+ Qg5 33. Bc4 Qxg2+ 34. Kxg2 Kg7 35. Be2 Kg6 36. Kg3 Kg5 37. c4 Nf6 38. b3 h5 39. Bf1 a5 40. a3 h4+ 41. Kf2 Kg4 42. b4 b6 43. Be2+ Kf4 44. Kg2 Kg5 45. Kh3 Nh5 46. Bf1 Nf4+ 47. Kh2 Kg4 48. c5 Kf3 49. cxd6 cxd6 50. bxa5 bxa5 51. a4 Kf2 52. Bb5 e3 53. Kh1 Ke1 54. Kg1 Kd2 55. Kh2 Nd3 56. Kg2 e2 57. Kf3 e1Q 58. Bxd3 Kxd3 59. Kg2 Ke3 0-1